Πέρλ Χάρμπορ η αληθινή ιστορία = Perl Harbor
Αποθηκεύτηκε σε:
| Συλλογικό Έργο: | , |
|---|---|
| Μορφή: | |
| Γλώσσα: | English Greek |
| Δημοσίευση: |
[Washington] : [Αθήνα] :
[National Geographic Society Inc.], Δημοσιογραφικός Οργανισμός Λαμπράκη,
c2001 2001
|
| Θέματα: | |
| Ετικέτες: |
Προσθήκη ετικέτας
Δεν υπάρχουν, Καταχωρήστε ετικέτα πρώτοι!
|
MARC
| LEADER | 00000cgm a2200000 i 4500 | ||
|---|---|---|---|
| 001 | 1/27447 | ||
| 008 | 060403s2001####us ||| | || ||eng|| | ||
| 020 | |a 960816236X | ||
| 035 | |l 10083407 | ||
| 040 | |a GR-MY-UA |b gre |e aacr | ||
| 041 | 0 | |a eng |j gre | |
| 082 | 0 | |a 940.544 | |
| 245 | 1 | 0 | |a Πέρλ Χάρμπορ |h [μαγνητοσκόπηση] : |b η αληθινή ιστορία = Perl Harbor / |
| 246 | 1 | |i Παράλληλος τίτλος: |a Perl Harbor | |
| 260 | |a [Washington] : |a [Αθήνα] : |b [National Geographic Society Inc.], |b Δημοσιογραφικός Οργανισμός Λαμπράκη, |c c2001 |c 2001 | ||
| 300 | |a 1 βιντεοδίσκος (92 λεπτ.) : |b ομιλ., έγχρ. ; |c 4 3/4 ίν. | ||
| 500 | |a Διανέμεται δωρεάν με το περιοδικό ΗiTECH (ΟΚΤ 2001). | ||
| 538 | |a DVD format. | ||
| 650 | 0 | 0 | |a World War, 1939-1945 |x Naval operations |z American |z Japanese. |
| 650 | 0 | 0 | |a Attack planes. |
| 650 | 0 | 0 | |a USS Arizona Memorial (Hawaii) |
| 650 | 0 | 0 | |a Documentary television programs |z United States. |
| 650 | 0 | 0 | |a Pearl Harbor (Hawaii), Attack on, 1941. |
| 710 | 2 | |a National Geographic Society (U.S.) | |
| 710 | 2 | |a Δημοσιογραφικός Οργανισμός Λαμπράκη. | |
| 852 | |a INST |b CHIOS |c AV |e 20060403 |h 940.544 ΠΕΡ |p 005200026480 |q 005200026480 |t DVD |y 23 | ||
| 852 | |a INST |b LESVOS |c AV |e 20070507 |h 940.544 ΠΕΡ |p 005100038450 |q 005100038450 |t DVD |y 23 | ||
| 901 | |a BIBL2-2006-1 | ||
| 901 | |a BIBL1-2007-2 | ||
| 909 | |a Χ |b 102797 | ||
| 909 | |a Λ |b 132542 | ||
| 922 | |a 2ΕΛΗ |b 2001 |c ΚΕΝΤΡΙΚΗ ΒΙΒΛΙΟΘΗΚΗ | ||
| 970 | |a ΧΑΖΙΡΗ |b ΑΝΝΑ |z 2006/04/03 | ||